[Event "Canadian op U1800"]
[Site "Sault Ste Marie"]
[Date "2017.07.09"]
[Round "2.27"]
[White "Faust, Steven"]
[Black "White, Chris"]
[Result "1/2-1/2"]
[WhiteElo "1602"]
[BlackElo "1720"]
[PlyCount "70"]
[EventDate "2017.07.08"]
[EventType "swiss"]
[EventRounds "9"]
[EventCountry "CAN"]
[SourceTitle "EXT 2022"]
[Source "ChessBase"]
[SourceDate "2021.10.06"]
[SourceVersion "1"]
[SourceVersionDate "2021.10.06"]
[SourceQuality "1"]

1. Nf3 Nf6 2. g3 c6 3. Bg2 d5 4. d4 Bf5 5. 0-0 h6 6. Nbd2 e6 7. e3 Bd6 8. c4 dxc4 9. Nxc4 Bc7 10. Bd2 Bd3 11. Qb3 Bxf1 12. Rxf1 b5 13. Nce5 Nd5 14. Rc1 0-0 15. Nxc6 Nxc6 16. Rxc6 a6 17. Ne1 Qd7 18. Rc2 Rac8 19. Nd3 Bb6 20. Ne5 Qd6 21. Be4 Rxc2 22. Bxc2 Qc7 23. Qd3 f5 24. Bb3 Qb7 25. Bc2 Bc7 26. Nd7 Rc8 27. Nc5 Qc6 28. e4 Ne7 29. exf5 exf5 30. b4 Re8 31. d5 Nxd5 32. Qxf5 Nf6 33. Bb3+ Kh8 34. Be3 Re5 35. Qc8+ Re8 1/2-1/2

[Event "Edmonton Northern Alberta op"]
[Site "Edmonton"]
[Date "2014.02.16"]
[Round "5.9"]
[White "White, Chris"]
[Black "Pradzinski, Tim"]
[Result "0-1"]
[WhiteElo "1706"]
[BlackElo "1951"]
[PlyCount "50"]
[EventDate "2014.02.15"]
[EventType "swiss"]
[EventRounds "5"]
[EventCountry "CAN"]
[SourceTitle "EXT 2022"]
[Source "ChessBase"]
[SourceDate "2021.10.06"]
[SourceVersion "1"]
[SourceVersionDate "2021.10.06"]
[SourceQuality "1"]

1. d4 d5 2. c4 e6 3. Nc3 Nf6 4. e3 Be7 5. Nf3 0-0 6. Bd3 dxc4 7. Bxc4 c5 8. 0-0 Nc6 9. d5 Na5 10. Qa4 Nxc4 11. Qxc4 exd5 12. Qe2 Bg4 13. h3 Bh5 14. Rd1 d4 15. g4 Nxg4 16. hxg4 Bxg4 17. exd4 cxd4 18. Qe4 Bxf3 19. Qxf3 Bg5 20. Ne2 Bxc1 21. Raxc1 Qb6 22. b3 Rad8 23. Rc4 d3 24. Rxd3 Qg6+ 25. Qg3 Qxd3 0-1

[Event "Canadian op"]
[Site "Edmonton"]
[Date "2009.07.18"]
[Round "8"]
[White "Daniluk, Jim"]
[Black "White, Chris"]
[Result "1-0"]
[WhiteElo "1978"]
[BlackElo "1766"]
[PlyCount "63"]
[EventDate "2009.07.11"]
[EventType "swiss"]
[EventRounds "9"]
[EventCountry "CAN"]
[SourceTitle "CBM 132 Extra"]
[Source "ChessBase"]
[SourceDate "2009.11.03"]
[SourceVersion "1"]
[SourceVersionDate "2009.11.03"]
[SourceQuality "1"]

1. d4 d5 2. Nf3 Nf6 3. c4 e6 4. g3 c6 5. Bg2 Be7 6. Nc3 0-0 7. 0-0 Nbd7 8. Qc2 dxc4 9. a4 Bb4 10. e4 Re8 11. e5 Nd5 12. Ng5 Nf8 13. Be4 f5 14. exf6 Nxf6 15. Bg2 Qxd4 16. Rd1 Qb6 17. Nce4 Nxe4 18. Bxe4 g6 19. h4 Re7 20. Qxc4 Rd7 21. Be3 Rxd1+ 22. Rxd1 Qa5 23. Bxc6 bxc6 24. Qxc6 Rb8 25. Qe8 Qf5 26. Bf4 Ra8 27. Qc6 e5 28. Be3 Rb8 29. Bxa7 Bb7 30. Qc4+ Kh8 31. Bxb8 h6 32. Bxe5+ 1-0

[Event "Grande Prairie Trumpeter op"]
[Site "Grande Prairie"]
[Date "2009.02.01"]
[Round "4"]
[White "Caughlin, Wade"]
[Black "White, Chris"]
[Result "1-0"]
[WhiteElo "1788"]
[BlackElo "1847"]
[PlyCount "61"]
[EventDate "2009.01.31"]
[EventType "swiss"]
[EventRounds "5"]
[EventCountry "CAN"]
[SourceTitle "EXT 2011"]
[Source "ChessBase"]
[SourceDate "2010.11.26"]
[SourceVersion "1"]
[SourceVersionDate "2010.11.26"]
[SourceQuality "1"]

1. d4 d5 2. c4 e6 3. g3 c6 4. Bg2 Nf6 5. Nc3 Be7 6. cxd5 exd5 7. Nf3 0-0 8. 0-0 h6 9. a3 Bf5 10. b4 Nbd7 11. Bf4 Re8 12. Ne5 Bf8 13. b5 Ne4 14. Nxe4 Nxe5 15. bxc6 dxe4 16. cxb7 Rb8 17. Bxe5 Rxb7 18. Qa4 Rd7 19. Rad1 Bg6 20. Bh3 Rd5 21. Rc1 Ra5 22. Qc6 Rxa3 23. Bc7 Qa8 24. Qb5 f5 25. Bxf5 Bf7 26. Bd7 Rb3 27. Qf5 g6 28. Qg4 a5 29. Bxe8 Bxe8 30. Be5 a4 31. Qe6+ 1-0

[Event "Grande Prairie Trumpeter op"]
[Site "Grande Prairie"]
[Date "2008.01.27"]
[Round "4"]
[White "White, Chris"]
[Black "Miller, David"]
[Result "1-0"]
[WhiteElo "1634"]
[BlackElo "1330"]
[PlyCount "36"]
[EventDate "2008.01.26"]
[EventType "swiss"]
[EventRounds "5"]
[EventCountry "CAN"]
[SourceTitle "EXT 2011"]
[Source "ChessBase"]
[SourceDate "2010.11.26"]
[SourceVersion "1"]
[SourceVersionDate "2010.11.26"]
[SourceQuality "1"]

1. d4 Nf6 2. c4 e6 3. Nc3 Bb4 4. Qc2 0-0 5. Bg5 h6 6. Bh4 c6 7. e4 g5 8. Bg3 Bxc3+ 9. bxc3 Re8 10. Nf3 d6 11. Bd3 Kf8 12. e5 Nh5 13. exd6 Nxg3 14. hxg3 Qxd6 15. Rxh6 Nd7 16. Nxg5 Ke7 17. Rh7 Rf8 18. Bg6 Kf6 1-0

[Event "Grande Prairie Trumpeter op"]
[Site "Grande Prairie"]
[Date "2008.01.26"]
[Round "3"]
[White "Pedersen, Rick"]
[Black "White, Chris"]
[Result "1-0"]
[WhiteElo "1946"]
[BlackElo "1634"]
[PlyCount "67"]
[EventDate "2008.01.26"]
[EventType "swiss"]
[EventRounds "5"]
[EventCountry "CAN"]
[SourceTitle "EXT 2011"]
[Source "ChessBase"]
[SourceDate "2010.11.26"]
[SourceVersion "1"]
[SourceVersionDate "2010.11.26"]
[SourceQuality "1"]

1. e4 e6 2. d4 d5 3. e5 c5 4. Nf3 Nc6 5. c3 Qb6 6. a4 Nge7 7. dxc5 Qxc5 8. Be3 Qa5 9. Bd3 Ng6 10. Bxg6 hxg6 11. Nbd2 Qc7 12. Bf4 g5 13. Bg3 Be7 14. Qe2 Bd7 15. Nb3 Qb6 16. Nfd4 Rb8 17. 0-0 Na5 18. Nxa5 Qxa5 19. f4 gxf4 20. Bxf4 Bc5 21. Be3 Bxd4 22. Bxd4 b5 23. Qf3 bxa4 24. b4 Qb5 25. Qxf7+ Kd8 26. Qxg7 Kc7 27. Qe7 Rbg8 28. Rf2 Qd3 29. Qc5+ Kd8 30. Qxa7 Qh3 31. Qb8+ Bc8 32. Bb6+ Ke7 33. Qd6+ Ke8 34. Qd8# 1-0

[Event "Grande Prairie Trumpeter op"]
[Site "Grande Prairie"]
[Date "2008.01.26"]
[Round "2"]
[White "White, Chris"]
[Black "Mackinnon, Donald"]
[Result "1-0"]
[WhiteElo "1634"]
[BlackElo "1268"]
[PlyCount "97"]
[EventDate "2008.01.26"]
[EventType "swiss"]
[EventRounds "5"]
[EventCountry "CAN"]
[SourceTitle "EXT 2011"]
[Source "ChessBase"]
[SourceDate "2010.11.26"]
[SourceVersion "1"]
[SourceVersionDate "2010.11.26"]
[SourceQuality "1"]

1. d4 d5 2. c4 c6 3. Nf3 Nf6 4. Nc3 e6 5. Bg5 h6 6. Bh4 Nbd7 7. e3 g5 8. Bg3 Nh5 9. Qc2 Nxg3 10. hxg3 Bg7 11. Be2 Nf6 12. Nd2 Bd7 13. Nb3 Bf8 14. 0-0-0 Qc7 15. e4 dxe4 16. Nxe4 Nxe4 17. Qxe4 f5 18. Qe5 Qxe5 19. dxe5 0-0-0 20. f4 g4 21. Rd3 c5 22. Rhd1 Be7 23. Na5 Kc7 24. Nxb7 Bc6 25. Nxd8 Rxd8 26. Rxd8 Bxd8 27. Rh1 Kc8 28. Rxh6 Bd7 29. Kc2 Ba5 30. Rh1 Bc6 31. Rg1 Kc7 32. Bd3 Bb7 33. Kd1 Bc6 34. Ke2 Bb7 35. Kf2 Ba6 36. Rh1 Bc8 37. Rb1 Ba6 38. a3 Bb7 39. b4 Bb6 40. Kf1 cxb4 41. axb4 a5 42. bxa5 Bxa5 43. Rb5 Bc3 44. Be2 Bc6 45. Rb3 Ba5 46. c5 Ba4 47. Ra3 Bb4 48. Rxa4 Bxc5 49. Bc4 1-0

[Event "Canadian op"]
[Site "Edmonton"]
[Date "2005.07.14"]
[Round "7"]
[White "White, Chris"]
[Black "Enns, Edward"]
[Result "1-0"]
[WhiteElo "1597"]
[BlackElo "1245"]
[PlyCount "102"]
[EventDate "2005.07.09"]
[EventType "swiss"]
[EventRounds "10"]
[EventCountry "CAN"]
[SourceTitle "CBM 107 Extra"]
[Source "ChessBase"]
[SourceDate "2005.09.01"]
[SourceVersion "1"]
[SourceVersionDate "2005.09.01"]
[SourceQuality "1"]

1. d4 Nf6 2. c4 g6 3. Nc3 Bg7 4. e4 0-0 5. e5 Ne8 6. Nf3 d6 7. Bf4 Bg4 8. Be2 dxe5 9. Bxe5 Nd7 10. Bxg7 Kxg7 11. 0-0 Nef6 12. Qb3 Rb8 13. Rad1 c6 14. Ne5 Bxe2 15. Nxe2 Qb6 16. Nxd7 Nxd7 17. Qc3 Kg8 18. Rd3 Rfe8 19. Rfd1 Qc7 20. d5 Nc5 21. Rd4 e5 22. d6 Qd7 23. Rh4 Re6 24. Qh3 f5 25. Nc3 Rxd6 26. Re1 Nd3 27. Rf1 Nf4 28. Qe3 g5 29. Qxe5 gxh4 30. Qxf4 Rd4 31. Qxb8+ Kf7 32. Qh8 Rg4 33. Qxh7+ Rg7 34. Qxh4 Qe6 35. Qh5+ Qg6 36. Qxg6+ Rxg6 37. Rd1 Ke7 38. f3 Re6 39. Kf2 a6 40. Re1 Rxe1 41. Kxe1 Ke6 42. Kd2 c5 43. Ke3 b6 44. h4 Ke5 45. h5 f4+ 46. Kd3 Kf5 47. h6 Kg6 48. Ke4 Kxh6 49. Kxf4 Kg6 50. Ke5 Kg5 51. f4+ Kg6 1-0

[Event "Canadian op"]
[Site "Edmonton"]
[Date "2005.07.11"]
[Round "4"]
[White "White, Chris"]
[Black "Cannon, Farley"]
[Result "0-1"]
[WhiteElo "1597"]
[BlackElo "1432"]
[PlyCount "76"]
[EventDate "2005.07.09"]
[EventType "swiss"]
[EventRounds "10"]
[EventCountry "CAN"]
[SourceTitle "CBM 107 Extra"]
[Source "ChessBase"]
[SourceDate "2005.09.01"]
[SourceVersion "1"]
[SourceVersionDate "2005.09.01"]
[SourceQuality "1"]

1. d4 Nf6 2. c4 g6 3. Nc3 Bg7 4. e4 d6 5. Nf3 0-0 6. Be2 e5 7. 0-0 Nc6 8. dxe5 dxe5 9. Qxd8 Rxd8 10. a3 Be6 11. Ng5 Nd4 12. Nxe6 Nxe6 13. Be3 Nd4 14. Bd1 Rd7 15. Bg5 Ne8 16. h3 c6 17. Re1 Nd6 18. b3 b6 19. f3 Nb7 20. b4 Nd6 21. c5 Nc4 22. Ne2 Ne6 23. Bh4 bxc5 24. Bb3 Nb2 25. Bxe6 fxe6 26. bxc5 Nd3 27. Red1 Nxc5 28. Rdc1 Nb3 29. Rab1 Nxc1 30. Rxc1 Rc8 31. Bf2 a6 32. Nc3 Bf8 33. a4 Bh6 34. Rb1 Rd3 35. Nd1 Rcd8 36. Nb2 Rb3 37. Bg3 Bf4 38. Be1 Rdb8 0-1

[Event "Canadian op"]
[Site "Edmonton"]
[Date "2005.07.10"]
[Round "2"]
[White "Brown, Grant"]
[Black "White, Chris"]
[Result "1-0"]
[WhiteElo "1980"]
[BlackElo "1597"]
[PlyCount "31"]
[EventDate "2005.07.09"]
[EventType "swiss"]
[EventRounds "10"]
[EventCountry "CAN"]
[SourceTitle "CBM 107 Extra"]
[Source "ChessBase"]
[SourceDate "2005.09.01"]
[SourceVersion "1"]
[SourceVersionDate "2005.09.01"]
[SourceQuality "1"]

1. e4 e6 2. d3 d5 3. Nd2 c5 4. Ngf3 Nc6 5. g3 Qc7 6. Qe2 Bd6 7. exd5 Nd4 8. Nxd4 cxd4 9. dxe6 Bxe6 10. Bh3 0-0-0 11. Bxe6+ fxe6 12. Qxe6+ Kb8 13. 0-0 Nf6 14. Nc4 Rhe8 15. Qh3 Re2 16. Nxd6 1-0

[Event "Canadian op"]
[Site "Edmonton"]
[Date "2005.07.09"]
[Round "1"]
[White "Nguyen, Kim"]
[Black "White, Chris"]
[Result "1-0"]
[WhiteElo "2060"]
[BlackElo "1597"]
[PlyCount "25"]
[EventDate "2005.07.09"]
[EventType "swiss"]
[EventRounds "10"]
[EventCountry "CAN"]
[SourceTitle "CBM 107 Extra"]
[Source "ChessBase"]
[SourceDate "2005.09.01"]
[SourceVersion "1"]
[SourceVersionDate "2005.09.01"]
[SourceQuality "1"]

1. e4 e6 2. d4 d5 3. Nd2 dxe4 4. Nxe4 Nd7 5. Nf3 Be7 6. Bd3 Ngf6 7. Qe2 b6 8. Bd2 Bb7 9. Nxf6+ Nxf6 10. 0-0-0 Qd6 11. Kb1 Nd5 12. Ne5 f6 13. Qh5+ 1-0

[Event "CAN-ch op"]
[Site "Sackville"]
[Date "2001.07.15"]
[Round "10"]
[White "Godin, Robert"]
[Black "White, Chris"]
[Result "1-0"]
[WhiteElo "1343"]
[BlackElo "1479"]
[PlyCount "89"]
[EventDate "2001.07.??"]
[EventType "swiss"]
[EventRounds "10"]
[EventCountry "CAN"]
[SourceTitle "EXT 2006"]
[Source "ChessBase"]
[SourceDate "2005.11.24"]
[SourceVersion "1"]
[SourceVersionDate "2005.11.24"]
[SourceQuality "1"]

1. e4 e5 2. Nf3 Nc6 3. Bc4 Bc5 4. b4 Bxb4 5. c3 Bc5 6. d4 exd4 7. cxd4 Bb4+ 8. Bd2 Bxd2+ 9. Qxd2 Qe7 10. Nc3 Nh6 11. 0-0 0-0 12. Rfe1 d6 13. Nd5 Qd8 14. h3 Be6 15. g4 Nxg4 16. hxg4 Bxg4 17. Nh2 Bh5 18. Rad1 Bxd1 19. Rxd1 Ne7 20. Nc3 Ng6 21. Ne2 Re8 22. f3 a6 23. a4 Qd7 24. Rb1 Qxa4 25. Rb4 Qa5 26. Qb2 Qg5+ 27. Ng4 b5 28. Bd5 Rab8 29. Qa2 Re7 30. Qxa6 h5 31. Rxb5 Rf8 32. Bxf7+ Rexf7 33. Rxg5 hxg4 34. Rxg4 Rxf3 35. Rxg6 Rf1+ 36. Kh2 R8f2+ 37. Rg2 Rf6 38. Qc8+ Kh7 39. Qg4 g5 40. Ng1 R1f4 41. Qd7+ Kh8 42. Nh3 Rf7 43. Qd8+ Rf8 44. Qxg5 R4f7 45. Qh6+ 1-0

[Event "CAN-ch op"]
[Site "Sackville"]
[Date "2001.07.07"]
[Round "1"]
[White "Cooke, Mathew G"]
[Black "White, Chris"]
[Result "1-0"]
[WhiteElo "1708"]
[BlackElo "1479"]
[PlyCount "57"]
[EventDate "2001.07.??"]
[EventType "swiss"]
[EventRounds "10"]
[EventCountry "CAN"]
[SourceTitle "EXT 2006"]
[Source "ChessBase"]
[SourceDate "2005.11.24"]
[SourceVersion "1"]
[SourceVersionDate "2005.11.24"]
[SourceQuality "1"]

1. d4 Nf6 2. Nf3 g6 3. Bf4 Bg7 4. e3 d6 5. Bd3 0-0 6. h3 Re8 7. c3 e6 8. Qc2 Nbd7 9. Bg5 Nf8 10. Nbd2 Qd7 11. Bxf6 Bxf6 12. Ne4 Qe7 13. h4 h6 14. 0-0-0 d5 15. Nxf6+ Qxf6 16. Ne5 Kg7 17. f4 Nd7 18. g4 Nxe5 19. dxe5 Qe7 20. f5 exf5 21. gxf5 gxf5 22. Bxf5 Qxe5 23. Rhg1+ Kf6 24. Bg6 Bf5 25. Bxf5 Qxf5 26. Rdf1 Qxf1+ 27. Rxf1+ Kg7 28. Qg2+ Kf8 29. Qg6 1-0